[Event "10th KiiT Festival 2017"]
[Site "Bhubaneshwar"]
[Date "2017.05.28"]
[Round "4"]
[White "Amonatov, Farrukh"]
[Black "Krishna C R G"]
[Result "0-1"]
[WhiteElo "2632"]
[BlackElo "2392"]
[Annotator "TA"]
[PlyCount "84"]
[EventDate "2017.05.26"]
[EventType "swiss"]
[EventCountry "IND"]
[SourceTitle "playchess.com"]
[Source "ChessBase"]
[SourceQuality "1"]

{[%evp 22,84,39,44,27,16,29,20,0,0,0,0,2,-58,-47,-53,-59,-154,-146,-203,-197,-196,-182,-195,-182,-187,-179,-306,-311,-327,-301,-269,-272,-266,-240,-253,-262,-388,-376,-472,-346,-340,-336,-685,-478,-537,-463,-546,-534,-2612,-12838,-12833,-12832,-2748,-1707,-1726,-1733,-1637,-1538,-1392,-1386,-2612,-2559,-2051,-1885]} 1. e4 e6 2. d4 d5 3. e5 c5 4. c3 Qb6 5. Nf3 Nc6 6. a3 Nge7 7. b4 cxd4 8. cxd4 Nf5 9. Bb2 Bd7 10. h4 {C02: French: Advance Variation} (10. g4 Nfe7 11. Nc3 Na5 12. Nd2 Rc8 13. Na4 Qc6 14. b5 Qc7 15. Rc1 Qd8 16. Nc5 Ng6 17. Nxd7 Qxd7 18. h4 Be7 19. h5 {½-½ (41) Areshchenko,A (2709)-Romanov,E (2640) Legnica 2013}) 10... Be7 11. g4 Nh6 12. Rg1 $1 {LiveBook: 14 Games. White is slightly better.} Na5 13. Bc1 $146 ({Predecessor:} 13. Nbd2 Rc8 14. Rc1 O-O 15. Bd3 Nc4 16. Bxc4 dxc4 17. Nxc4 Qb5 18. Ne3 {0-1 (40) Schroeder,J (2311)-Ikonnikov,V (2537) Frankfurt 2012}) 13... Nc4 14. Bxc4 dxc4 15. Be3 Qd8 16. Nc3 Bc6 17. Ng5 (17. d5 $11 Bxd5 18. Nxd5 Qxd5 19. Qxd5 exd5 20. Nd4) 17... b5 $36 {[%mdl 2048] Black is pushing.} 18. Nge4 a5 ({Don't go for} 18... Bxh4 $2 19. Nd6+ Kf8 20. d5 $18) 19. Bg5 (19. Qf3 $15 O-O 20. Nf6+ Bxf6 21. Qxc6 Bxh4 22. Ke2) 19... O-O $17 ({And not} 19... axb4 {[#]} 20. Nd6+ $1 {[%mdl 512]} Kf8 21. axb4 $14) 20. Rb1 (20. Ke2 $17) 20... axb4 $19 21. axb4 Kh8 22. Qd2 Ng8 {[%cal Bh6g8,Bg8e7,Be7g6,Bg6h4,Bh4f3][%mdl 32]} 23. Bxe7 Nxe7 24. Nd6 (24. Kf1 $142) 24... Ng6 25. h5 Nh4 26. Rg3 Nf3+ 27. Rxf3 Bxf3 28. Qf4 f6 {[%cal Bf7f6,Bf6e5,Be5d4][%mdl 32] Strongly threatening ...fxe5.} 29. Qxf3 (29. h6 $142 gxh6 30. Ncxb5 fxe5 31. Qxe5+ Qf6 32. Nxc4) 29... fxe5 30. Qc6 Qh4 31. Qg2 exd4 32. Ncxb5 $2 (32. Ne2 Ra2 33. Ne4) 32... Ra2 {[%cal Rf8f2] Black is clearly winning.} 33. Ne4 e5 34. Nbd6 c3 35. Nf5 {[#]} Rxf5 $1 {[%mdl 512]} 36. gxf5 Qxh5 {[%csl Ga2][%cal Rh5e2]} 37. Ng3 Qg5 {( -> ...c2)} 38. f4 Rxg2 39. fxg5 Rxg3 40. Kf2 Rxg5 41. Ra1 Rxf5+ 42. Ke2 h5 {Precision: White = 29%, Black = 88%.} 0-1

[Event "10th KiiT Festival 2017"]
[Site "Bhubaneshwar"]
[Date "2017.05.28"]
[Round "4"]
[White "Ghosh, Diptayan"]
[Black "Nayak Rajesh"]
[Result "1-0"]
[WhiteElo "2569"]
[BlackElo "2067"]
[Annotator "TA"]
[PlyCount "59"]
[EventDate "2017.05.26"]
[EventType "swiss"]
[EventCountry "IND"]
[SourceTitle "playchess.com"]
[Source "ChessBase"]
[SourceQuality "1"]

{[%evp 19,59,42,42,25,31,31,36,9,68,54,95,89,88,97,119,101,114,117,118,116,145,149,195,191,184,181,181,181,172,179,290,281,313,319,324,323,397,400,371,367,456,452]} 1. d4 Nf6 2. c4 g6 3. g3 Bg7 4. Bg2 O-O 5. Nc3 d6 6. Nf3 Nc6 7. O-O a6 8. b3 Rb8 9. d5 Na5 10. Bd2 c5 11. dxc6 {E63: King's Indian: Fianchetto: Panno Variation with 7...a6} Nxc6 12. Rc1 Bf5 13. Nd5 {[#] White is slightly better.} (13. Ne1 Qd7 14. Nd5 Bh3 15. Bc3 Nxd5 16. cxd5 Ne5 17. f4 Bxg2 18. Nxg2 Ng4 19. Bxg7 Kxg7 20. Qd4+ {½-½ (20) Shankland,S (2638)-Nakamura,H (2816) Baku 2015}) 13... Ne4 $146 ({Better is} 13... Be4 $11) ({Predecessor:} 13... Be4 14. Bc3 Nxd5 15. cxd5 Bxc3 16. dxc6 Qa5 17. cxb7 Rxb7 18. Nh4 Bxg2 19. Nxg2 {0-1 (29) Maletin,P (2576)-Inarkiev,E (2664) Ulan Ude 2009}) 14. Be3 $14 Qd7 15. Nh4 e6 16. Nxf5 exf5 17. Qc2 Nf6 18. Nxf6+ Bxf6 19. Rfd1 Qe7 20. c5 {aiming for Bxc6.} Rfd8 {[#]} 21. Bxc6 $1 bxc6 22. cxd6 Rxd6 23. Rxd6 Qxd6 24. Qxc6 Qd8 (24... Rd8 {is a better defense.} 25. Qxd6 Rxd6) 25. Qxa6 $18 Bb2 26. Rb1 Ra8 27. Qd3 Qxd3 28. exd3 Rxa2 29. b4 f4 30. gxf4 {Precision: White = 89%, Black = 15%.} 1-0

[Event "10th KiiT Festival 2017"]
[Site "Bhubaneshwar"]
[Date "2017.05.28"]
[Round "4"]
[White "Tukhaev, Adam"]
[Black "Anustoop Biswas"]
[Result "1-0"]
[WhiteElo "2557"]
[BlackElo "2106"]
[Annotator "TA"]
[PlyCount "79"]
[EventDate "2017.05.26"]
[EventType "swiss"]
[EventCountry "IND"]
[SourceTitle "playchess.com"]
[Source "ChessBase"]
[SourceQuality "1"]

{[%evp 19,79,4,47,15,20,23,17,9,9,10,16,-20,0,-85,-80,-66,-61,-41,0,0,0,0,50,43,52,16,90,88,99,91,91,100,84,88,97,0,189,184,233,224,303,298,360,358,355,355,328,345,358,325,343,349,346,346,343,345,416,402,423,425,569,586]} 1. e4 e6 2. d4 d5 3. Nc3 Bb4 4. e5 Ne7 5. a3 Bxc3+ 6. bxc3 c5 7. Qg4 Qc7 8. Bd3 Qa5 {C18: French: 3 Nc3 Bb4: Main line: 7 h4 and 7 Qg4} (8... cxd4 9. Ne2 dxc3 10. Qxg7 Rg8 11. Qxh7 Qxe5 12. Bf4 Qf6 13. h4 Rxg2 14. Kf1 Rg8 15. Rg1 Rh8 16. Bg5 Rxh7 17. Bxf6 Rh6 18. Bg5 Rh8 19. Bf6 Rh6 20. Bg5 Rh8 21. Bf6 {½-½ (21) Leko,P (2728)-Shirov,A (2713) Saratov 2011}) 9. Bd2 c4 10. Be2 Rg8 {LiveBook: 3 Games. The position is equal.} 11. Bd1 $146 ({Predecessor:} 11. Nf3 Nbc6 12. O-O Bd7 13. Qh5 h6 14. Rfb1 Qa4 15. Rxb7 Qxc2 16. Bd1 {1-0 (30) Lagno,K (2529)-Harika,D (2511) Huaian 2016}) 11... Bd7 12. Qh5 h6 13. Ne2 Qa4 14. O-O Nbc6 15. f4 O-O-O 16. g4 (16. Qxf7 $11 Be8 17. Qxe6+ Bd7 18. Qf7) 16... Rdf8 17. Ng3 Kb8 18. Qh3 Be8 19. f5 exf5 20. gxf5 Bd7 21. Qg2 Rd8 22. h3 g6 (22... Ka8 $11) 23. e6 $16 ({Don't play} 23. Bxh6 $6 Nxf5 24. Bg5 Qa5 $11) 23... fxe6 {[%cal Rg6f5]} 24. f6 Nf5 25. f7 $1 {[%cal Rf7g8]} Rh8 26. Nxf5 gxf5 27. Bf4+ (27. Kh1 $16) 27... Ka8 $2 (27... e5 $1 $11 {and Black has nothing to worry.} 28. dxe5 Be6) 28. Bc7 $36 {[%mdl 3072] White has strong compensation. White is in control.} Rc8 {[#]} 29. Qg7 $1 Ne7 {...Rhg8! is the strong threat.} 30. Kh1 ({Avoid the trap} 30. Bd6 $2 {[#]} Rhg8 $1 $19 {[%mdl 512]}) 30... Qc6 31. Be5 Rhf8 32. Qf6 Ng8 33. fxg8=Q Rxg8 34. Rb1 Rcf8 35. Qe7 Qc8 36. Bf3 Ba4 37. Rf2 f4 38. Bg4 Re8 39. Qh7 Bc6 40. Rxf4 {Precision: White = 77%, Black = 44%.} 1-0

[Event "10th KiiT Festival 2017"]
[Site "Bhubaneshwar"]
[Date "2017.05.28"]
[Round "4"]
[White "Debashis, Das"]
[Black "Isha Sharma"]
[Result "1-0"]
[WhiteElo "2496"]
[BlackElo "2084"]
[Annotator "TA"]
[PlyCount "91"]
[EventDate "2017.05.26"]
[EventType "swiss"]
[EventCountry "IND"]
[SourceTitle "playchess.com"]
[Source "ChessBase"]
[SourceQuality "1"]

{[%evp 23,91,77,97,71,97,46,200,181,164,194,252,172,183,168,168,147,204,126,145,130,127,125,137,133,131,120,140,96,112,108,132,127,122,97,189,179,183,176,219,210,212,209,214,219,206,202,318,308,269,256,377,370,457,471,593,580,642,637,710,702,690,682,3261,2615,2119,2096,12841,12840,12842,12843]} 1. c4 Nf6 2. Nc3 g6 3. d4 Bg7 4. e4 O-O 5. Nf3 d6 6. Be2 e5 7. Be3 Nc6 8. d5 Ne7 9. Nd2 Nd7 10. O-O {E92: King's Indian: Classical: 6 Be2 e5: 7 dxe5, 7 Be3 and Petrosian System without 7...Nbd7} f5 11. f3 f4 12. Bf2 g5 {LiveBook: 19 Games} 13. Rc1 Ng6 14. c5 ({White should play} 14. b4 $16) (14. b4 Nf6 15. c5 Rf7 16. Nc4 Bf8 17. a4 {1-0 (56) Sanikidze,T (2520)-Radovanovic,N (2416) Ordu 2017}) 14... Nf6 $2 ({Better is} 14... Nxc5 $14 15. b4 Na6) 15. cxd6 $18 cxd6 {[#]} 16. Nb5 $1 {[%cal Rb5c7]} Rf7 (16... b6 $142 17. Nc7 Rb8) 17. Nxa7 $146 ({Predecessor:} 17. Nc4 Bf8 18. Nxa7 Bd7 19. Qb3 g4 {½-½ (27) Panjwani,R (2401)-Me,K (2103) Calgary 2010}) 17... Bd7 18. Nb5 Bxb5 19. Bxb5 h5 (19... Rxa2 $16 20. Qb3 Ra8) 20. Be2 Rxa2 21. Rc3 Ra8 22. h3 Bf8 23. Qc2 Ne7 24. Rc1 Rg7 25. Qd1 Rc8 26. Rxc8 Nxc8 27. Qc2 Nb6 28. Qb3 Nc8 {[#]} (28... Na8 $16 {is a better defense.} 29. Rc3 Qb8) 29. Qc3 $1 $36 {[%cal Rc3c8][%mdl 2048] White has strong initiative.} Ne7 30. Qc7 Qxc7 31. Rxc7 g4 32. fxg4 hxg4 33. Bxg4 Nxg4 34. hxg4 Rxg4 (34... b5 {was worth a try.} 35. Nf3 Nf5) 35. Kf1 ({Don't do} 35. Rxb7 f3 $18) 35... b5 36. Rb7 Ng6 (36... Rg7 $142 37. Rxb5 Rh7) 37. Nf3 Be7 38. Rxb5 {White is clearly winning.} Bh4 39. Rb6 Be7 40. b4 {[%cal Bb2b4,Bb4b5][%mdl 32]} Kf7 41. b5 Nf8 42. Rb7 Nh7 {[#]} 43. Nxe5+ $1 {[%mdl 512]} dxe5 44. d6 Ng5 45. Rxe7+ Kf6 46. Re8 {Precision: White = 78%, Black = 34%.} 1-0

[Event "10th KiiT Festival 2017"]
[Site "Bhubaneshwar"]
[Date "2017.05.28"]
[Round "4"]
[White "Nguyen, Duc Hoa"]
[Black "Pruthu Deshpande"]
[Result "1-0"]
[WhiteElo "2481"]
[BlackElo "2075"]
[Annotator "TA"]
[PlyCount "91"]
[EventDate "2017.05.26"]
[EventType "swiss"]
[EventCountry "IND"]
[SourceTitle "playchess.com"]
[Source "ChessBase"]
[SourceQuality "1"]

{[%evp 9,91,8,6,3,45,9,6,-1,0,0,20,0,0,-2,0,-7,-6,0,-22,-42,-15,-27,33,42,160,154,158,157,134,116,183,69,79,19,19,10,16,0,2,0,0,0,0,0,0,0,0,0,14,14,23,16,69,69,69,69,83,83,92,96,95,78,119,119,119,119,139,132,208,191,575,550,730,667,705,812,1831,1690,29982,29982,29982,29983,29988,29985]} 1. e4 c6 2. Nc3 d5 3. Nf3 Nf6 (3... dxe4 4. Nxe4 Nf6 5. Qe2 Nxe4 6. Qxe4 Qd5 7. Qh4 Qe6+ 8. Be2 Qg4 9. Qg3 Qxg3 10. hxg3 Bf5 11. b3 a5 12. Bb2 h6 13. O-O-O a4 14. Nd4 {1-0 (36) Vachier Lagrave,M (2795)-Salem,A (2633) Moscow 2017}) 4. Bd3 dxe4 5. Nxe4 Nbd7 6. Nxf6+ {B11: Caro-Kann: Two Knights Variation} Nxf6 7. b3 $146 ({Predecessor:} 7. h3 g6 8. b3 Bg7 9. Bb2 O-O 10. O-O Nd5 11. Bxg7 Kxg7 12. Be4 Nf4 {1-0 (53) Ageichenko,G-Kuvaldin,I Leningrad 1965}) 7... Bg4 8. h3 {The position is equal.} Bh5 9. Bb2 e6 10. Qe2 Qd5 11. O-O-O Bxf3 12. gxf3 Be7 13. f4 g6 14. Rhg1 Qa5 15. Kb1 O-O-O ({Better is} 15... Rf8 $1 $11) 16. f5 $1 $14 {[%cal Rf5e6]} Rhe8 ({Reject} 16... gxf5 $6 17. Rg7 $18) (16... Rd6 $14) 17. fxe6 $16 fxe6 18. Qxe6+ Nd7 19. Qf7 {Threatens to win with Rde1.} Ba3 (19... Ne5 $16 {was necessary.} 20. Qe6+ (20. Qxh7 Nxd3 21. cxd3 Qd5 $16) 20... Nd7) 20. Bc3 (20. Qxh7 $18 Bxb2 21. Kxb2) 20... Qh5 $14 21. Rde1 ({White should play} 21. b4 $1 $16 {Qb3 is the strong threat.} a5 22. bxa5) 21... Ne5 $1 $11 {[%cal Re5f7]} 22. Bxe5 Rxe5 23. Bc4 Rxe1+ 24. Rxe1 Qg5 25. f4 $40 {[%mdl 128] White has some attack.} (25. Qxh7 {gets mated.} Qxd2 26. Be6+ Kb8 27. Qxb7+ Kxb7 28. Bc8+ Kxc8 29. Rg1 Qd1+ $1 {[%mdl 512]} 30. Rxd1 Rxd1#) 25... Qg3 {[%cal Rg3e1]} 26. Qe6+ Kb8 27. Qe3 Qxe3 28. dxe3 {[%mdl 4096] Endgame KRB-KRB} Bb4 29. Re2 Rd1+ 30. Kb2 Re1 ({Black should try} 30... Rg1 $11) 31. Rxe1 $14 Bxe1 {KB-KB} 32. Kc1 h6 33. Kd1 Bc3 34. Ke2 g5 35. Kd3 Bf6 {[#]} 36. Ke4 $1 gxf4 37. exf4 Kc7 {[#]} 38. Kf5 $1 {[%cal Rf5f6]} Bg7 (38... Bh4 $16 {keeps fighting.} 39. Kg6 Bg3) 39. Kg6 Bf8 $2 (39... Bc3 40. Kxh6 Kd6) 40. f5 $18 {[%cal Bf4f5,Bf5f6][%mdl 32]} Kd8 41. f6 Ke8 42. h4 {[%cal Bh3h4,Bh4h5][%mdl 32]} Bd6 43. Kxh6 Kf8 44. h5 {White mates.} Be5 45. Kg6 b5 46. Be6 {Precision: White = 68%, Black = 35%.} 1-0

[Event "10th KiiT Festival 2017"]
[Site "Bhubaneshwar"]
[Date "2017.05.28"]
[Round "4"]
[White "Shyaamnikhil P"]
[Black "Srijit Paul"]
[Result "1-0"]
[WhiteElo "2457"]
[BlackElo "2248"]
[Annotator "TA"]
[PlyCount "117"]
[EventDate "2017.05.26"]
[EventType "swiss"]
[EventCountry "IND"]
[SourceTitle "playchess.com"]
[Source "ChessBase"]
[SourceQuality "1"]

{[%evp 9,117,15,36,24,27,13,33,-12,-19,-19,-13,-29,0,0,15,13,19,22,11,16,67,58,156,143,150,128,153,141,134,98,111,84,73,72,82,84,88,60,100,95,83,84,82,82,84,86,87,87,87,81,78,83,115,87,85,87,86,87,82,82,82,84,103,73,79,76,78,73,72,72,89,75,124,117,185,155,192,192,164,115,128,99,186,196,186,164,187,187,187,187,209,201,201,202,190,177,177,170,172,55,119,119,205,150,189,185,344,334,29998,29999]} 1. Nf3 f5 2. d3 Nf6 3. e4 d6 4. Nc3 Nc6 (4... g6 5. e5 dxe5 6. Nxe5 Bg7 7. d4 Be6 8. Be2 Nbd7 9. O-O Nxe5 10. dxe5 Nd5 11. Nxd5 Qxd5 12. Qxd5 Bxd5 {0-1 (60) Malakhov,V (2713)-Nepomniachtchi,I (2767) Doha 2016}) 5. exf5 Bxf5 6. d4 {A04: Unusual lines after 1 Nf3 and King's Indian Attack} Qd7 7. Bd3 $146 ({Predecessor:} 7. Bg5 e6 8. Bd3 Bxd3 9. Qxd3 Be7 10. O-O O-O {0-1 (69) Blomqvist,E (2530)-Melnikov,D (2272) St Petersburg 2015}) 7... e5 {White must now prevent ...e4.} 8. dxe5 {White is slightly better.} dxe5 {aiming for ...e4.} 9. Bxf5 Qxf5 10. Be3 a6 11. a3 Bd6 12. Qe2 b5 13. h3 O-O 14. O-O-O Qe6 ({Better is} 14... e4 $11 15. Nd4 Nxd4 16. Bxd4 Qg5+ 17. Kb1 Qxg2) 15. Ng5 $14 Qe7 (15... Qf5 $14) 16. Qd3 $1 $16 Qd7 17. Nce4 Nd4 18. Bxd4 exd4 19. Nxd6 ({Don't do} 19. Qxd4 $6 Bf4+ 20. Kb1 Qxd4 $14) 19... Qxd6 20. Qxd4 Qxd4 21. Rxd4 Rae8 22. Rd2 Nh5 23. Kd1 Nf4 24. g3 h6 {Threatens to win with ...Ng6.} 25. gxf4 Rxf4 26. Rg1 hxg5 27. Rxg5 {[%mdl 4096] Endgame KRR-KRR} Re7 28. Rg6 a5 29. Rg5 c6 30. Rg6 Rc4 31. Rg4 Rc5 32. Rd8+ Kh7 33. Rh4+ Kg6 34. Rd6+ Kf7 35. Rf4+ Kg8 36. c3 a4 37. Kc2 Re2+ 38. Rd2 Re6 39. h4 Rce5 40. c4 Re1 41. Kc3 Kh7 {[#]} (41... R1e5 $16 42. Rd8+ Kh7) 42. cxb5 $1 $18 cxb5 {[#]} 43. Rd5 $1 Rb6 44. Rff5 Rc1+ 45. Kd2 Rbc6 (45... Rh1 $16) 46. Rxb5 R1c4 47. Rb4 Rd6+ 48. Ke3 Rc2 49. Kf3 Rd3+ 50. Kg2 Rb3 {intending ...Rxb4.} 51. Rxa4 Rbxb2 52. Ra7 Ra2 53. Rf3 Kh6 54. Raf7 (54. Rf8 $18) 54... Rc6 ({Black should try} 54... Rc4 $1 $14) 55. Rg3 $16 g6 (55... Rf6 $16 56. Rxf6+ (56. Rfxg7 Rfxf2+ 57. Kg1 Rfc2 $11) 56... gxf6) 56. Ra7 Rd2 57. Rf3 Rd4 $2 (57... g5 {keeps fighting.} 58. hxg5+ Kxg5) 58. Rf8 $18 {[%cal Rf8h8]} Kh5 $2 (58... g5 $18 59. Rh8+ Kg6 60. Rg8+ Kh5 61. Rxg5+ Kh6) 59. Rh7+ {Precision: White = 69%, Black = 39%.} 1-0

[Event "10th KiiT Festival 2017"]
[Site "Bhubaneshwar"]
[Date "2017.05.28"]
[Round "4"]
[White "Reefat, Bin-Sattar"]
[Black "Aronyak Ghosh"]
[Result "1-0"]
[WhiteElo "2437"]
[BlackElo "2191"]
[Annotator "TA"]
[PlyCount "67"]
[EventDate "2017.05.26"]
[EventType "swiss"]
[EventCountry "IND"]
[SourceTitle "playchess.com"]
[Source "ChessBase"]
[SourceQuality "1"]

{[%evp 19,67,33,42,60,61,59,59,59,59,52,56,42,65,65,77,57,49,38,48,37,62,47,54,50,56,12,14,8,10,19,19,0,0,11,0,0,17,-25,154,166,258,255,686,310,310,310,29984,29984,5310,5310]} 1. e4 Nf6 2. e5 Nd5 3. d4 d6 4. Nf3 dxe5 5. Nxe5 c6 6. Bc4 g6 7. O-O Bg7 8. Nd2 O-O 9. Ndf3 Nd7 10. Nd3 N7b6 11. Bb3 {B04: Alekhine's Defence: 4 Nf3} Bg4 (11... a5 12. a4 Bf5 13. Re1 Qc7 14. Bg5 Bxd3 15. Qxd3 e6 16. c3 Nd7 17. Rad1 Rfe8 18. g3 Qb6 19. Qc2 Qa6 20. h4 {1-0 (95) Bologan,V (2688)-Miroshnichenko,E (2690) Kragujevac 2009}) 12. c3 e6 13. h3 {White is slightly better.} Bxf3 $1 14. Qxf3 Nd7 15. Re1 b5 16. a4 $146 {aiming for axb5.} ({Predecessor:} 16. g3 a5 17. a3 Re8 18. h4 h5 {½-½ (63) Kruppa,Y (2405)-Panchenko,A (2375) Simferopol 1990}) 16... a6 17. Qg3 Qb8 18. Qh4 Rc8 19. Bh6 Bf6 20. Qg4 {Strongly threatening Bxd5.} Qd6 21. h4 {[%cal Bh3h4,Bh4h5,Bh5h6][%mdl 32]} Bg7 22. Bg5 c5 {White must now prevent ...c4.} 23. dxc5 Nxc5 24. Nxc5 Rxc5 25. h5 bxa4 26. Bxa4 Rb8 27. h6 Bf6 {And now ...Bxg5 would win.} 28. Rad1 {Hoping for Rxd5!} Qe7 $2 {[#]} (28... Bxg5 $11 29. Qxg5 Qf8) 29. b4 $1 $16 {[%cal Rb4c5]} Bxg5 (29... Rxc3 $142 30. Rxd5 Bxg5) 30. bxc5 $18 Nxc3 $2 (30... Qf6 31. c6 Qf4 32. Qxf4 Bxf4) 31. Rd7 (31. Qg3 $142 Rc8 32. Qxc3 Bxh6 33. c6) 31... Qxc5 {[#]} 32. Rxf7 $3 {[%mdl 512]} Rf8 $2 ({Inferior is} 32... Kxf7 33. Qxe6+ Kf8 34. Bb3 Qd5 35. Bxd5 Nxd5 36. Qxd5 Bxh6 37. Qd6+ Kg8 38. Qxb8+) (32... Bxh6 $18 33. Qxe6 Ne2+ 34. Kf1 (34. Rxe2 Rb1+ 35. Bd1 Rxd1+ 36. Kh2 Qh5+ 37. Kg3 Qg5+ 38. Kf3 Qh5+ 39. Kg3 Qg5+ 40. Kf3 Qh5+ 41. Kg3 $11) 34... Nd4) 33. Rxf8+ Kxf8 34. Qxe6 {Precision: White = 46%, Black = 40%.} 1-0

[Event "10th KiiT Festival 2017"]
[Site "Bhubaneshwar"]
[Date "2017.05.28"]
[Round "4"]
[White "Nitin, S.."]
[Black "Ravi, Teja S"]
[Result "1-0"]
[WhiteElo "2426"]
[BlackElo "2369"]
[Annotator "TA"]
[PlyCount "69"]
[EventDate "2017.05.26"]
[EventType "swiss"]
[EventCountry "IND"]
[SourceTitle "playchess.com"]
[Source "ChessBase"]
[SourceQuality "1"]

{[%evp 20,69,33,27,32,29,70,66,144,152,171,161,156,149,140,143,158,131,130,147,151,160,125,113,113,110,170,172,179,187,181,181,174,173,182,174,197,208,192,179,281,279,264,248,333,330,333,310,613,629,709,709]} 1. e4 c6 2. Nc3 d5 3. Nf3 dxe4 4. Nxe4 Nf6 5. Qe2 Nxe4 6. Qxe4 Qd5 {B11: Caro-Kann: Two Knights Variation} 7. Qh4 Qe6+ 8. Be2 Qg4 9. Qg3 Qxg3 10. hxg3 Bf5 11. b3 {LiveBook: 3 Games} Nd7 (11... a5 12. Bb2 h6 13. O-O-O a4 14. Nd4 {1-0 (36) Vachier Lagrave,M (2795)-Salem,A (2633) Moscow 2017}) 12. Bb2 Nf6 $146 ({Predecessor:} 12... e6 13. O-O-O h6 14. Nh4 {1-0 (65) Howell,D (2657)-Svane,R (2560) chess.com INT 2017}) 13. O-O-O g6 {[#]} (13... Bg4 $14) 14. Ng5 $1 $16 b5 15. Bf3 Rc8 16. Rde1 Bg7 17. Nxh7 Rxh7 18. Rxh7 Nxh7 19. Bxg7 f6 20. g4 Bd7 21. Bh6 g5 22. Be4 Kf7 (22... Nf8 $16) 23. Bxh7 $18 {Hoping for Bf5.} Rh8 24. Bxg5 $1 Rxh7 {[%mdl 4096] Endgame KRB-KRB} 25. Be3 Bxg4 26. Bxa7 e5 27. a4 Ke6 28. Bb6 bxa4 29. bxa4 {[%cal Bb3a4,Ba4a5,Ba5a6][%mdl 32]} Rh2 (29... Kd6 {keeps fighting.} 30. d4 Bc8 31. dxe5+ fxe5 32. Rd1+ Ke6) 30. f3 {[%cal Bf2f3,Bf3f4][%mdl 32]} Bh5 31. g4 Bg6 32. a5 Kd6 33. Bd8 Ke6 $2 {[#]} (33... f5 34. Bf6 e4 35. gxf5 Bxf5 36. fxe4 Bc8) 34. f4 Kd7 35. a6 {Precision: White = 93%, Black = 38%.} 1-0

[Event "10th KiiT Festival 2017"]
[Site "Bhubaneshwar"]
[Date "2017.05.28"]
[Round "4"]
[White "Laxman, R R"]
[Black "Sahoo, Utkal Ranjan"]
[Result "1-0"]
[WhiteElo "2417"]
[BlackElo "2256"]
[Annotator "TA"]
[PlyCount "123"]
[EventDate "2017.05.26"]
[EventType "swiss"]
[EventCountry "IND"]
[SourceTitle "playchess.com"]
[Source "ChessBase"]
[SourceQuality "1"]

{[%evp 27,123,73,96,17,32,7,26,16,21,0,46,51,64,47,67,73,52,54,86,43,51,56,39,16,15,7,12,16,64,53,55,56,55,53,50,50,50,50,56,56,49,52,49,53,57,57,57,57,55,46,52,28,40,26,75,60,62,57,81,37,110,97,98,98,155,102,187,170,196,179,162,116,153,141,137,125,111,134,136,134,128,133,900,896,877,889,866,856,828,825,29973,29973,29979,29980,29979,29981,29981,62]} 1. d4 Nf6 2. c4 e6 3. Nf3 d5 4. g3 Be7 5. Bg2 O-O 6. O-O dxc4 7. Qa4 a6 8. Qxc4 b5 9. Qc2 Bb7 10. Bd2 Bd6 {E05: Open Catalan: 5 Nf3 Be7} 11. Re1 Be4 12. Qc1 Nbd7 13. Ba5 Rc8 14. Nbd2 Ba8 {[#] LiveBook: 4 Games} 15. b4 $146 (15. e4 $16) ({Predecessor:} 15. e4 Be7 16. a4 Qe8 17. axb5 axb5 18. b4 {1-0 (51) Sasikiran,K (2664)-L'Ami,E (2606) Khanty-Mansiysk 2009}) 15... Qe7 16. a3 Ne4 17. Nxe4 Bxe4 18. Qe3 Ba8 19. Rac1 Rfe8 20. Rc2 Nb6 21. Nd2 $1 Bxg2 22. Kxg2 e5 23. dxe5 Qxe5 24. Qxe5 Bxe5 25. e4 Na4 26. Nb3 Bb2 27. Ree2 Bf6 ({Much worse is} 27... Bxa3 $6 28. Nc5 $16) 28. Nc5 Nxc5 $1 29. Rxc5 c6 30. Rcc2 Bd8 31. Bxd8 Rexd8 $14 {[%mdl 4096] Endgame KRR-KRR} 32. Re3 Kf8 33. Rec3 Rd6 34. e5 Re6 35. f4 f6 36. exf6 Rxf6 37. Rc5 Ke7 38. Kf3 Kd7 39. h4 {[%cal Bh2h4,Bh4h5][%mdl 32]} Re8 40. h5 Re1 41. Rg5 g6 42. Rc3 Rd1 43. Kg4 Rd4 ({Better is} 43... Rfd6 $14) 44. hxg6 hxg6 45. Re5 Rfd6 (45... Rd5 $142) 46. Kg5 (46. Rce3 $142) 46... a5 (46... Rd3 $16 {was called for.} 47. Rec5 R3d5+ 48. Rxd5 cxd5) 47. bxa5 $18 Ra4 48. Rce3 {Re7+ is the strong threat.} Rxa5 49. g4 Ra4 50. Re7+ Kd8 51. Rg7 Rd5+ 52. f5 ({Of course not} 52. Kxg6 $6 Rxf4 53. g5 Rg4 $11) 52... gxf5 53. gxf5 c5 54. Rh3 {[%cal Rh3h8] [#]} Rd7 $2 {[%mdl 8192]} (54... Kc8 $16 55. Rh8+ Rd8) 55. f6 {White threatens Rh8+ and mate.} Rd5+ 56. Kg6 {[%cal Rh3h8]} Rg4+ 57. Kh7 Rf4 {[#]} 58. f7 $1 Rdf5 59. Rd3+ {White mates.} Rd4 60. Rxd4+ cxd4 61. Kg8 d3 62. f8=Q+ $2 {Precision: White = 72%, Black = 39%.} (62. f8=R+ {mates} Rxf8+ 63. Kxf8 d2 64. Rg1 Kd7 65. Rd1 Kc6 66. Rxd2 Kb6 67. Rb2) 1-0

[Event "10th KiiT Festival 2017"]
[Site "Bhubaneshwar"]
[Date "2017.05.28"]
[Round "4"]
[White "Krishna Teja, N."]
[Black "Priyanka, Kumari"]
[Result "0-1"]
[WhiteElo "2406"]
[BlackElo "1941"]
[Annotator "NA"]
[PlyCount "74"]
[EventDate "2017.05.26"]
[EventType "swiss"]
[EventCountry "IND"]
[SourceTitle "playchess.com"]
[Source "ChessBase"]
[SourceQuality "1"]
[TimeControl "5400+30"]

1. d4 Nf6 2. c4 g6 3. Nc3 Bg7 4. e4 d6 5. Be2 O-O 6. Bg5 Na6 7. f4 Qe8 8. e5 Nd7 9. Nf3 f6 10. Bh4 fxe5 11. fxe5 dxe5 12. dxe5 e6 13. Qd4 Nb4 14. Qe4 Nc5 15. Qb1 a6 16. O-O Nc6 17. Bg3 Rf5 18. Bd3 Rf8 19. Be4 Bd7 20. b4 Nxe4 21. Nxe4 Rf5 22. b5 axb5 23. cxb5 Ne7 24. a4 Nd5 25. Nd4 Rxf1+ 26. Qxf1 Qe7 27. Qe1 b6 28. Nc2 c6 29. Bh4 Qf8 30. Nd6 Qf4 31. Bg3 Qg5 32. bxc6 Bxc6 33. Nd4 Bd7 34. Ra3 Rf8 35. Nf3 Qd8 36. a5 Qc7 37. a6 Qc5+ 0-1